000 01008nam a2200361 a 4500
003 AR-BaBNM
005 20251128203000.0
008 082120s2002 ||||||||||||||000 | spa||
020 _a84-7100-476-3
040 _cAR-BaBNM
100 1 _aForonda Jr., Marcelino A.
245 0 0 _aManila
250 _a1ª ed.
260 _aMadrid
_bMapfre
_c1992
300 _a309 p.
_btablas, il.,láms.
490 0 _aCiudades de Iberoamérica
_vv. 11
500 _aApéndices para consultar p. 285-297.
650 4 _aDEMOGRAFIA HISTORICA
650 4 _aCIUDADES
650 4 _aDESARROLLO URBANO
650 4 _aHISTORIA SOCIAL
650 4 _aHISTORIA DE LAS COSTUMBRES
650 4 _aPERIODO HISPANICO
650 4 _aPERIODO INDEPENDIENTE
650 4 _aGEOGRAFIA FISICA
651 4 _aAmérica Latina
700 1 _aBascara, Cornelio R.
700 1 _aGutman, Eliézer
_etraductor
800 1 _aGallego, José Andrés
_ecoordinador
800 1 _aLucena, Manuel
_edirector
942 _cBK
998 _cmariana
999 _c1364
_d1364